|
|
|
|
| LEADER |
00988nam a2200205 a 4500 |
| 008 |
100601s2010 bg 000 0 ben d |
| 020 |
|
|
|a 9847029700464
|
| 040 |
|
|
|a DLC
|c DLC
|d DLC
|d BD-DhAAL
|
| 082 |
0 |
0 |
|a 321/.0895492
|2 22
|
| 100 |
1 |
|
|a জাহাঙ্গীর, বোরহানউদ্দিন খান.
|
| 245 |
1 |
0 |
|a তত্ত্বাবধায়ক সরকার ও ডেসপটিক রাষ্ট্র /
|c বোরহানউদ্দিন খান জাহাঙ্গীর.
|
| 260 |
|
|
|a ঢাকা :
|b সুবর্ণ,
|c ২০১০.
|
| 300 |
|
|
|a ৪৭ পৃ. ;
|c ২২ সে.মি.
|
| 500 |
|
|
|a In Bengali.
|
| 541 |
1 |
|
|e 00020183
|
| 650 |
|
0 |
|a Interim governments
|z Bangladesh.
|
| 651 |
|
0 |
|a Bangladesh
|x Politics and government.
|
| 852 |
4 |
|
|a Ayesha Abed Library
|j General Shelf
|
| 999 |
|
|
|c 8767
|d 8767
|
| 952 |
|
|
|0 0
|1 0
|2 ddc
|4 0
|6 321_089549200000000_JAH
|7 0
|9 10622
|a BRACUL
|b BRACUL
|c GEN
|d 2010-06-02
|l 0
|o 321.0895492 JAH
|p 3010020183
|r 2010-06-02
|t 1
|w 2010-06-02
|y BK
|